Tabiques (Record no. 79252)

MARC details
000 -LEADER
campo de control de longitud fija 00571nam a2200181 i 4500
001 - NÚMERO DE CONTROL
campo de control 79252
003 - IDENTIFICADOR DE NÚMERO DE CONTROL
campo de control ES-MaACL
005 - FECHA Y HORA DE LA ÚLTIMA TRANSACCIÓN
campo de control 20230906173934.0
007 - CAMPO FIJO DE DESCRIPCIÓN FÍSICA--INFORMACIÓN GENERAL
campo de control de longitud fija t|
008 - DATOS DE LONGITUD FIJA--INFORMACIÓN GENERAL
campo de control de longitud fija 041020s1971 sp ||||1| spa d
100 1# - ENTRADA PRINCIPAL--NOMBRE DE PERSONA
Nombre de persona Henn, Walter.
9 (RLIN) 62547
245 10 - MENCIÓN DEL TÍTULO
Título Tabiques
Resto del título : problemas técnicos y ejemplos /
Mención de responsabilidad, etc. Walter Henn ; versión, Buenaventura Bassegoda.
260 ## - PUBLICACIÓN, DISTRIBUCIÓN, ETC.
Lugar de publicación, distribución, etc. Barcelona :
Nombre del editor, distribuidor, etc. Gustavo Gili,
Fecha de publicación, distribución, etc. [1971]
300 ## - DESCRIPCIÓN FÍSICA
Extensión 117 p. :
Otras características físicas il. ;
Dimensiones 29 cm.
650 #4 - PUNTO DE ACCESO ADICIONAL DE MATERIA--TÉRMINO DE MATERIA
Término de materia o nombre geográfico como elemento de entrada Tabiques.
9 (RLIN) 168853
700 1# - ENTRADA AGREGADA--NOMBRE PERSONAL
Nombre de persona Bassegoda Musté, B. (
Fechas asociadas al nombre 1896-1987)
9 (RLIN) 26310
852 ## - LOCALIZACIÓN
Ubicación ES-MaACL
Número de control de estantería C-41436
Sublocalización o colección R.77722
Holdings
Estatus retirado Estado de pérdida Estado de daño No para préstamo Biblioteca de origen Biblioteca actual Ubicación en estantería Fecha de adquisición Fuente de adquisición Total de préstamos Signatura topográfica completa Código de barras Visto por última vez Precio de reemplazo Tipo de ítem Koha
        Biblioteca del Ateneo de Madrid Biblioteca del Ateneo de Madrid Depósito 2 17/01/2008     C-41436 1082879 23/02/2023 23/02/2023 Libro impreso